000 00758nam a2200217 i 4500
001 145630
003 ES-MaACL
005 20250921063034.0
007 t|
008 071015s1921 sp ||||1| spa d
100 1 _aVerlaine, Paul,
_d1844-1896
_9114142
245 1 4 _aLos poetas malditos /
_cPaul Verlaine ; traducción en prosa y verso por M. Bacarisse ; dibujos de Dehesa de Mena.
260 _aMadrid :
_bMundo Latino,
_c[1921]
300 _a199 p., 7 lám. ;
_c20 cm.
490 1 _aObras completas de Paul Verlaine ;
_v2
700 1 _aBacarisse, Mauricio,
_d1895-1931
_924439
700 1 _aDehesa de Mena.
_943250
830 0 _aObras completas de Paul Verlaine ;
_v2
_9220783
852 _aES-MaACL
_jB-13233
999 _c145630
_d145630